000 01231nam a2200301 4500
001 0000022729
003 CO-CtgCURN
005 20250329191012.0
007 ta
008 160627s2007 000 0 eng d
020 _a9789682472800
040 _aCO-CtgCURN
_bspa
_ccoctgcurn
082 0 _a658.8
_bA23m
100 1 _aAcerenza, Miguel Angel.
245 1 0 _aMarketing internacional /
_cMiguel Angel Acerenza.
250 _a2a ed.
260 _aMexico :
_bTrillas,
_c2007.
300 _a192 p.
336 _2rdacontent
337 _2rdamedia
_asin mediacion
_bn
338 _2rdacarrier
_avolumen
_bnc
500 _aIncluye indice.
505 8 _aIntroducción al marketing: esquema conceptual.--Particularidades del marketing internacional.--Decisiones de marketing en el comercio internacional.--Selección de mercados internacionales.--Adaptacion del producto al mercado selecciónado.--Selección de los metodos de exportacion y los canales de atribucion.--Definicion del programa de promocion.--Desarrollo de la organizacion de marketing
650 1 4 _aMarketing internacional.
908 _a160627
942 _cBK
_h658.8
_iA23m
_2ddc
999 _c10767
_d10767